[Event "Arco op 44th"]
[Site "Arco"]
[Date "2022.10.09"]
[Round "2"]
[White "Di Lascio, Savino"]
[Black "Grossi, Mariano"]
[Result "1-0"]
[WhiteElo "1761"]
[BlackElo "1561"]
[PlyCount "48"]
[EventDate "2022.10.08"]
[EventType "swiss"]
[EventRounds "9"]
[EventCountry "ITA"]
[SourceTitle "CBM 210 Extra"]
[Source "ChessBase"]
[SourceDate "2022.11.30"]
[SourceVersion "1"]
[SourceVersionDate "2022.11.30"]
[SourceQuality "1"]

1. Nf3 d5 2. g3 c6 3. Bg2 Bg4 4. 0-0 Nd7 5. d3 e5 6. Nbd2 Ngf6 7. e4 dxe4 8. Nxe4 Nxe4 9. dxe4 Bc5 10. c3 a5 11. Qb3 Bxf3 12. Bxf3 Qb6 13. Bg4 Nf6 14. Bf5 Qxb3 15. axb3 0-0 16. Bg5 Be7 17. Rfd1 Rfd8 18. Rxd8+ Rxd8 19. Rxa5 g6 20. Rxe5 Rd1+ 21. Kg2 Bd8 22. Bg4 Rd6 23. Bxf6 Bxf6 24. Re8+ Kg7 1-0